000 00797nas a2200253 4500
001 BR0904402
003 BR-BrBNA
005 20231205113314.0
007 ta
008 230509b bl.|||p| |||| 00| 00por d
040 _aBR-BrBNA
_bpor
_cBiblioteca Nacional de Agricultura
041 _a(Pt)
072 _aE40
100 1 _aBraga, M.J.
100 1 _aMeyer, L.F.F.
100 1 _aParesque, G.J.
245 1 _aReestruturação competitiva e cooperativismo na indústria do leite - o caso da cooperativa de laticínios Selita.
650 _aCOOPERATIVA
650 _aCOMPETITIVIDADE
650 _aLEITE
773 0 _tRevista de Ciências Agrárias (Brazil)
_xISSN 1517-591X
_g(Jan-Jun 2004), v. 41 p. 171-183
_wBR0904402
909 _a202311
_bLúcia
_c55
_dLúcia Elande
942 _2AGRIS
_n0
_cANA
999 _c203017
_d203017